Normal view
MARC view
- Sanders, William B.
Entry Personal Name
001 - CONTROL NUMBER
- control field: 99518
003 - CONTROL NUMBER IDENTIFIER
- control field: NUST
005 - DATE AND TIME OF LATEST TRANSACTION
- control field: 20221007170515.0
008 - FIXED-LENGTH DATA ELEMENTS
- fixed length control field: 221007|| aca||aabn | a|a d
040 ## - CATALOGING SOURCE
- Original cataloging agency: NUST
- Transcribing agency: NUST
100 ## - HEADING--PERSONAL NAME
- Personal name: Sanders, William B.
670 ## - SOURCE DATA FOUND
- Source citation: Work cat.: (NUST)179788: Sanders, William B.,, PageMaker 4.0 for windows :
